Burung pipit - Nabi Ibrahim a.s. (Record no. 115809)

MARC details
000 -LEADER
fixed length control field 00849nam a2200277 i 4500
001 - CONTROL NUMBER
control field C2-0314379
003 - CONTROL NUMBER IDENTIFIER
control field PPAK
005 - DATE AND TIME OF LATEST TRANSACTION
control field 20180728110043.0
008 - FIXED-LENGTH DATA ELEMENTS--GENERAL INFORMATION
fixed length control field 111221s2011 my a|||| ||||| | may d
020 ## - INTERNATIONAL STANDARD BOOK NUMBER
International Standard Book Number 9789670287096
040 ## - CATALOGING SOURCE
Original cataloging agency PPAK
Language of cataloging eng
Transcribing agency PPAK
Description conventions rda
082 04 - DEWEY DECIMAL CLASSIFICATION NUMBER
Classification number 297.18
Edition number 23
090 00 - LOCALLY ASSIGNED LC-TYPE CALL NUMBER (OCLC); LOCAL CALL NUMBER (RLIN)
Classification number (OCLC) (R) ; Classification number, CALL (RLIN) (NR) 297.18
Feature heading BUR
Feature heading RK
245 00 - TITLE STATEMENT
Title Burung pipit - Nabi Ibrahim a.s.
264 #1 - PRODUCTION, PUBLICATION, DISTRIBUTION, MANUFACTURE, AND COPYRIGHT NOTICE
Place of production, publication, distribution, manufacture Kuala Lumpur :
Name of producer, publisher, distributor, manufacturer Nukilan Unggul ,
Date of production, publication, distribution, manufacture, or copyright notice 2011
300 ## - PHYSICAL DESCRIPTION
Extent 16 pages :
Other physical details colour illustrations, Illustration name : Razak Ismail ;
Dimensions 41 cm
336 ## - CONTENT TYPE
Source rdacontent
Content type term text
337 ## - MEDIA TYPE
Source rdamedia
Media type term unmediated
338 ## - CARRIER TYPE
Source rdacarrier
Carrier type term volume
490 1# - SERIES STATEMENT
Series statement Kisah haiwan dari al-Quran
500 ## - GENERAL NOTE
General note Includes questions ; Moral stories
650 10 - SUBJECT ADDED ENTRY--TOPICAL TERM
Topical term or geographic name entry element Islamic stories, Malay.
700 0# - ADDED ENTRY--PERSONAL NAME
Personal name Robiah Jusoh,
Relator term compile
830 #0 - SERIES ADDED ENTRY--UNIFORM TITLE
Uniform title Kisah haiwan dari al-Quran
942 ## - ADDED ENTRY ELEMENTS (KOHA)
-- dc
Koha item type Book
Holdings
Withdrawn Not for loan Current library Shelving location Date acquired Total Checkouts Full call number Barcode Date last seen Koha item type
  Not For Loan Perpustakaan Awam Sungai Petani Rujukan Kanak-kanak 21/12/2011   RK 297.18 BUR A01374046 09/05/2018 Book
  Not For Loan Perpustakaan Bandar Baharu Rujukan Kanak-kanak 21/12/2011   RK 297.18 BUR A01374053 09/05/2018 Book
  Not For Loan Perpustakaan Jitra Rujukan Kanak-kanak 21/12/2011   RK 297.18 BUR A01374055 09/05/2018 Book
  Not For Loan Perpustakaan Kulim Rujukan Kanak-kanak 21/12/2011   RK 297.18 BUR A01374049 09/05/2018 Book
  Not For Loan Perpustakaan Langkawi Rujukan Kanak-kanak 21/12/2011   RK 297.18 BUR A01374048 09/05/2018 Book
  Not For Loan Perpustakaan Merbok Rujukan Kanak-kanak 21/12/2011   RK 297.18 BUR A01374056 09/05/2018 Book
  Not For Loan Perpustakaan Sik Rujukan Kanak-kanak 21/12/2011   RK 297.18 BUR A01374051 09/05/2018 Book
  Not For Loan Perpustakaan Yan Rujukan Kanak-kanak 21/12/2011   RK 297.18 BUR A01374050 09/05/2018 Book
  Not For Loan PD05, Kg. Lindungan Raja, Kulim Rujukan Kanak-kanak 26/02/2017   RK 297.18 BUR A00879849 09/05/2018 Book